Statistiques concernant Culture Générale - Série 1301

Cliquez ici pour prendre le quiz!

Statistiques générales

  • Ce quiz a été pris 38 fois
  • Le résultat moyen est 5 sur 10

Statistiques - réponses

QuestionRéponse% Correct
Dans quel feuilleton télévisé peut-on suivre les aventures des habitants du quartier du « Mistral », à Marseille ?Plus belle la vie
87%
Quelle rivière chante Vanessa Paradis dans la bande originale d'Un monstre à Paris ?Seine
74%
Sur quel continent se trouve la base Scott ?Antarctique
61%
À quel royaume européen appartient l'île caribéenne d'Aruba ?Pays-Bas
61%
Sur quelle place se trouve le deuxième opéra de Paris, construit dans les années 1980 ?Place de la Bastille
58%
À quel pays appartient l'île nommée Seeland ?Danemark
58%
Dans quel film Clovis Cornillac a-t-il les pieds difformes ?Brice de Nice
47%
Dans le film Disco, en l'honneur de quelle star le héros Didier Graindorge (Franck Dubosc) a-t-il choisi son nom de scène ?John Travolta
21%
Où se déroule le second volet du film Les Randonneurs, après la Corse ?Saint-Tropez
16%
Dans quel groupe de rock trouve-t-on Paul Hewson et David Evans ?U2
8%

Distribution des résultats

Percentile par nombre de réponses

% des personnes avec chaque résultat

Votre développement - résultats

Vous n’avez pas pris ce quiz